000 00750nam a2200229 i 4500
001 147902
003 ES-MaACL
005 20260202124933.0
007 t|
008 071008s1907 sp ||||1| spa d
100 1 _aUrbano, Rafael,
_d1870-1924
_9112074
245 1 3 _aEl sello de Salomón
_b: un regalo de los dioses /
_cRafael Urbano.
260 _aMadrid :
_bJ. Palacios,
_c1907.
300 _a109 p. :
_bil. ;
_c19 cm.
530 _aDisponible en formato digital.
600 1 4 _aSalomón
_cRey de Israel.
_9158274
650 4 _aPentáculos.
_9170105
852 _aES-MaACL
_jD-921
_cSVI
856 4 _uhttp://bdh-rd.bne.es/viewer.vm?id=0000206415&page=1
_yBiblioteca Digital Hispánica
942 _2udc
999 _c147902
_d147902